| 000 | 00664nam a2200193 a 4500 | ||
|---|---|---|---|
| 001 | 97 | ||
| 003 | CDMR | ||
| 005 | 20151022114802.0 | ||
| 008 | 130130s1997||||||||||||||||||||||||||||d | ||
| 022 | _28472833569 | ||
| 040 |
_aCDMR _bcat _cCPC LLEIDA |
||
| 111 | 2 |
_93442 _aCongrés de la Ràdio de Catalunya _cBarcelona _d1996 _n1r |
|
| 245 | 1 | 0 |
_aActes del 1r Congrés de la Ràdio a Catalunya _b: Barcelona, 4 i 5 d'octubre de 1996 |
| 260 |
_aBarcelona _c1997 _bSocietat Catalana de la Comunicació |
||
| 650 | 0 | 4 |
_91722 _aRàdio _zCatalunya _vCongressos |
| 700 | 1 |
_92480 _aRomaguera i Ramió, Joaquim _eed. |
|
| 710 | 2 |
_994 _aSocietat Catalana de Comunicació |
|
| 942 |
_cMON _2udc |
||
| 999 |
_c97 _d97 |
||